Introduction to Analysis (Record no. 523965)
[ view plain ]
| 000 -LEADER | |
|---|---|
| fixed length control field | 00507nam a22001817a 4500 |
| 003 - CONTROL NUMBER IDENTIFIER | |
| control field | NUST |
| 005 - DATE AND TIME OF LATEST TRANSACTION | |
| control field | 20190613080439.0 |
| 008 - FIXED-LENGTH DATA ELEMENTS--GENERAL INFORMATION | |
| fixed length control field | 190613b ||||| |||| 00| 0 eng d |
| 020 ## - INTERNATIONAL STANDARD BOOK NUMBER | |
| International Standard Book Number | 0130811327 |
| 038 ## - RECORD CONTENT LICENSOR | |
| Staff Name | SNS Library Staff |
| 082 ## - DEWEY DECIMAL CLASSIFICATION NUMBER | |
| Classification number | 515 MAT1999 |
| 100 ## - MAIN ENTRY--PERSONAL NAME | |
| Personal name | Arthur Mattuck |
| 9 (RLIN) | 14792 |
| 245 ## - TITLE STATEMENT | |
| Title | Introduction to Analysis |
| Statement of responsibility, etc. | Arthur Mattuck |
| 260 ## - PUBLICATION, DISTRIBUTION, ETC. | |
| Place of publication, distribution, etc. | New Jersey |
| Name of publisher, distributor, etc. | Prentice Hall |
| Date of publication, distribution, etc. | 1999 |
| 300 ## - PHYSICAL DESCRIPTION | |
| Extent | 460 p. |
| Other physical details | HB |
| 440 ## - SERIES STATEMENT/ADDED ENTRY--TITLE | |
| Title | Introduction to Analysis |
| 9 (RLIN) | 14793 |
| 942 ## - ADDED ENTRY ELEMENTS (KOHA) | |
| Source of classification or shelving scheme | |
| Koha item type | Book |
| Call number prefix | 515 MAT 1999 |
| Withdrawn status | Lost status | Source of classification or shelving scheme | Damaged status | Not for loan | Permanent Location | Current Location | Shelving location | Date acquired | Total Checkouts | Total Renewals | Full call number | Barcode | Date last seen | Date last checked out | Price effective from | Koha item type | Checked out |
|---|---|---|---|---|---|---|---|---|---|---|---|---|---|---|---|---|---|
| School of Natural Sciences (SNS) | School of Natural Sciences (SNS) | General Stacks | 06/13/2019 | 2 | 4 | 515 MAT1999 | SNS0002973 | 01/05/2026 | 01/14/2025 | 06/13/2019 | Book | ||||||
| School of Natural Sciences (SNS) | School of Natural Sciences (SNS) | General Stacks | 06/13/2019 | 5 | 2 | 515 MAT1999 | SNS0002974 | 09/30/2025 | 09/30/2025 | 06/13/2019 | Book | 10/30/2025 |
